Dorland's illustrated medical dictionary. (Record no. 21750)
[ view plain ]
| 000 -LEADER | |
|---|---|
| fixed length control field | 01031cam a22002655a 4500 |
| 001 - CONTROL NUMBER | |
| control field | ocn706780870 |
| 003 - CONTROL NUMBER IDENTIFIER | |
| control field | OSt |
| 005 - DATE AND TIME OF LATEST TRANSACTION | |
| control field | 20160516132526.0 |
| 008 - FIXED-LENGTH DATA ELEMENTS--GENERAL INFORMATION | |
| fixed length control field | 110304t2012 paua frbd 001 0 eng d |
| 020 ## - INTERNATIONAL STANDARD BOOK NUMBER | |
| International Standard Book Number | 9780808924180 (International ed. : hardcover : alk. paper) |
| 040 ## - CATALOGING SOURCE | |
| Original cataloging agency | DNLM/DLC |
| Language of cataloging | eng |
| Transcribing agency | DLC |
| Modifying agency | NLM |
| -- | YDXCP |
| -- | UCO |
| -- | AZT |
| -- | BTCTA |
| -- | CDX |
| -- | FYM |
| -- | VP@ |
| -- | IUM |
| -- | EG-ScBUE |
| 082 04 - DEWEY DECIMAL CLASSIFICATION NUMBER | |
| Edition number | 22 |
| Classification number | 610.3 |
| Item number | DOR |
| 245 00 - TITLE STATEMENT | |
| Title | Dorland's illustrated medical dictionary. |
| 246 1# - VARYING FORM OF TITLE | |
| Title proper/short title | Illustrated medical dictionary |
| 250 ## - EDITION STATEMENT | |
| Edition statement | 32nd ed., International ed. |
| 260 ## - PUBLICATION, DISTRIBUTION, ETC. (IMPRINT) | |
| Place of publication, distribution, etc | Philadelphia : |
| Name of publisher, distributor, etc | Saunders / Elsevier, |
| Date of publication, distribution, etc | c.2012. |
| 300 ## - PHYSICAL DESCRIPTION | |
| Extent | xxvii, 2147 p. : |
| Other physical details | ill. (chiefly col.) ; |
| Dimensions | 29 cm. |
| 504 ## - BIBLIOGRAPHY, ETC. NOTE | |
| Bibliography, etc | Includes bibliographical references and index. |
| 520 ## - SUMMARY, ETC. | |
| Summary, etc | Illustrates and defines terms used in different branches of medicine and health science. |
| 650 #7 - SUBJECT ADDED ENTRY--TOPICAL TERM | |
| Topical term or geographic name as entry element | Medicine |
| Form subdivision | Dictionaries. |
| Source of heading or term | BUEsh |
| 9 (RLIN) | 9402 |
| 651 ## - SUBJECT ADDED ENTRY--GEOGRAPHIC NAME | |
| Source of heading or term | BUEsh |
| 653 ## - INDEX TERM--UNCONTROLLED | |
| Resource For college | Nursing |
| Arrived date list | May2016 |
| 700 1# - ADDED ENTRY--PERSONAL NAME | |
| Personal name | Dorland, W. A. Newman |
| Fuller form of name | (William Alexander Newman), |
| Dates associated with a name | 1864-1956. |
| 9 (RLIN) | 7120 |
| 942 ## - ADDED ENTRY ELEMENTS (KOHA) | |
| Source of classification or shelving scheme | Dewey Decimal Classification |
| Withdrawn status | Item status | Source of classification or shelving scheme | Damaged status | Not for loan | Vendor | Home library | Current library | Shelving location | Date acquired | Source of acquisition | Cost, normal purchase price | Total Checkouts | Total Renewals | Full call number | Barcode | Date last seen | Date last borrowed | Cost, replacement price | Koha item type |
|---|---|---|---|---|---|---|---|---|---|---|---|---|---|---|---|---|---|---|---|
| Dewey Decimal Classification | Alahram | Central Library | Central Library | First floor | 16/05/2016 | Purchase | 386.00 | 2 | 1 | 610.3 DOR | 000032496 | 15/07/2025 | 29/10/2023 | 482.50 | Book - Borrowing | ||||
| Dewey Decimal Classification | Alahram | Central Library | Central Library | First floor | 16/05/2016 | Purchase | 386.00 | 610.3 DOR | 000032497 | 15/07/2025 | 482.50 | Book - Borrowing | |||||||
| Dewey Decimal Classification | Alahram | Central Library | Central Library | First floor | 16/05/2016 | Purchase | 386.00 | 610.3 DOR | 000032498 | 15/07/2025 | 482.50 | Book - Borrowing |